Caracterizar los procesos de una empresa de envases metálicos para mejorar el sistema de manejo del desperdicio
Spremljeno u:
| Glavni autor: | |
|---|---|
| Daljnji autori: | , |
| Format: | Knjiga |
| Izdano: |
2006
[San José, Costa Rica]
|
| Teme: | |
| Oznake: |
Dodaj oznaku
Bez oznaka, Budi prvi tko označuje ovaj zapis!
|
MARC
| LEADER | 00000nam a2200000Ia 4500 | ||
|---|---|---|---|
| 003 | 009772 | ||
| 005 | 20221231144119.0 | ||
| 008 | 140114s2006 cr a 000 ||s d | ||
| 040 | |c cru CEDI | ||
| 090 | |a TFG 5300 | ||
| 100 | |a Arias Segura, Yendry |9 5436 | ||
| 245 | |a Caracterizar los procesos de una empresa de envases metálicos para mejorar el sistema de manejo del desperdicio | ||
| 260 | |c [San José, Costa Rica] |b 2006 | ||
| 300 | |a xiii, 108, [73] hojas : ilustraciones | ||
| 500 | |a Proyecto de graduación (licenciatura en ingeniería industrial)--Universidad de Costa Rica. Facultad de Ingeniería. Escuela de Ingeniería Industrial | ||
| 650 | |x COMECA (COSTA RICA) |x ADMINISTRACION |x PRODUCCION |x CONTROL DE CALIDAD |x CONTROL DE PROCESOS |9 5439 | ||
| 700 | |9 5437 |a Jarquín Castro, Jorge Issac | ||
| 700 | |9 5438 |a Ulate Rodríguez, José Pablo | ||
| 942 | |c TFG | ||
| 999 | |c 17092 |d 17092 | ||
